000 00394nam a22001697a 4500
003 MPLRDC
005 20220104113906.0
008 210129b ||||| |||| 00| 0 eng d
082 _a848.2 GLH-4
100 _a郭良蕙著
245 _a藏在幸福里的
_c
250 _a初版
260 _a
_b汉麟出版社
_c1980
300 _b
650 _a现代别集
942 _cBK
_o848.2 GLH-4
999 _c3173
_d3163